| 000 | 01035nam a2200229Ia 4500 | ||
|---|---|---|---|
| 001 | L707-29267 | ||
| 003 | IT-CnALBA | ||
| 008 | 170116s9999||||xx |||||||||||||| ||und|| | ||
| 040 |
_aIT-CnALBA _cIT-CnALBA |
||
| 041 | _aITALIANO | ||
| 100 | _aPASCHETTO J. MIRELLA | ||
| 245 | 0 | _aELEMENTI DI STORIA DELL'ARTE. VOL. II. PER L'ISTITUTO MAGISTRALE. | |
| 250 | _a2a ed. | ||
| 260 |
_a TO GENOVA _bLATTES S. & C. EDITORI _c1950 [1° Ed.: n.d.] |
||
| 300 | _a75 p. | ||
| 500 | _aINDICE ARTISTI. CINQUECENTO. RINASCIMENTO IN EUROPA. IL SEICENTO. PITTURA PAESI BASSI. SPAGNOLA. FRANCESE. OTTOCENTO. ARTE CONTEMPORANEA. ILLUSTRAZIONI NEL TESTO. | ||
| 501 | _aSocietà San Paolo EM - Piazza San Paolo, 14 - 12051 ALBA (CN) (non commercial uses only) ® Copyright 2017 | ||
| 520 | _aINDICE ARTISTI. CINQUECENTO. RINASCIMENTO IN EUROPA. IL SEICENTO. PITTURA PAESI BASSI. SPAGNOLA. FRANCESE. OTTOCENTO. ARTE CONTEMPORANEA. ILLUSTRAZIONI NEL TESTO. | ||
| 650 | _aSTUDIO E INSEGNAMENTO DELL'ARTE | ||
| 942 | _cBK | ||
| 957 | _71 | ||
| 999 |
_a34036 _bNO _g Copie: 1 _c288192 _d288192 |
||